000 00244nam a2200097Ia 4500
005 20250424112854.0
008 250424s9999 xx 000 0 und d
300 _aiv. , 122 p. ; 29 cm.
650 _aAccounting--Nigeria--Periodicals.
942 _cSR
999 _c37626
_d37626